000
00327nam a2200133Ia 4500
008
231017s9999 xx 000 0 und d
082
_a
624
082
_b
GEO
245
0
_a
Geotechnical Series: Drifting Sands
245
0
_c
Indus Super Highway Board
260
_b
Indus Super Highway Board
300
_c
30cm
942
_c
REP
999
_c
604061
_d
604061